000 00473nam a22001697a 4500
003 NUST - PNEC
005 20170116180943.0
008 150905b xxu||||| |||| 00| 0 eng d
020 _a0134924304
040 _cLIBRARY
082 _a621.3192 STA
100 _98161
_aStanley, William D.
245 _aTransform circuit analysis for engineering and technology
_cWilliam D. Stanley
250 _a3rd ed.
650 _98159
_aElectrical engineering
_xEE
942 _2ddc
_cBK
999 _c66200
_d66200